| 000 | 01408nam a2200361 a 4500 | ||
|---|---|---|---|
| 001 | 000113203 | ||
| 003 | CHAP | ||
| 005 | 20220329144343.0 | ||
| 008 | 170516s2016 mx sm |||||||spa d | ||
| 010 | _a109664 | ||
| 011 | _a110636 | ||
| 040 | _cCHAP | ||
| 090 | _aTesis | ||
| 100 | 1 |
_aTakata Gutierrez, Martín Satoshi _9132212 |
|
| 245 | 1 | 0 |
_aElaboración de resoluciones-títulos de concesión para explotar, usar o aprovechar aguas nacionales y/o bienes públicos inherentes _h[En línea] _cpor Martín Satoshi Takate Gutiérrez. |
| 260 |
_aChapingo, Méx. : _bEl autor, _c2016. |
||
| 500 | _aPara ver el contenido del material haga clic en la liga | ||
| 502 | _aTesis (Ing. Agroindustrial ) -- UACH. Departamento de Ingeniería Agroindustrial | ||
| 590 |
_aBATCH-UPD _b05 _c20170516 _lUCH01 _h0940 |
||
| 590 |
_aE11695DGD _b10 _c20170517 _lUCH01 _h1009 |
||
| 590 |
_aE5765TAJ _b05 _c20170516 _lUCH01 _h0939 |
||
| 590 |
_aE5765TAJ _b05 _c20170516 _lUCH01 _h0940 |
||
| 590 |
_aE5765TAJ _b05 _c20170516 _lUCH01 _h0940 |
||
| 610 | 0 | 4 |
_aComisión Nacional del Agua. México _925810 |
| 650 | 1 | 4 |
_aAgua _xAprovechamiento _xMéxico. _92297 |
| 650 | 1 | 4 |
_aAgua _xConservación. _92319 |
| 650 | 1 | 4 |
_aAgua _xLeyes _xMéxico. _92387 |
| 650 | 1 | 4 |
_aAguas juridiccionales _zMéxico. _9132213 |
| 856 |
_aFinding aid _uhttp://10.13.5.2/tesis/sist113203.pdf _zTeclea aquí |
||
| 901 | _aBK | ||
| 942 | _cTESIS | ||
| 942 | _n0 | ||
| 999 |
_c109664 _d109664 |
||